| 000 | 00470cam a2200193ua 4500 | ||
|---|---|---|---|
| 001 | 1715 | ||
| 008 | 110716n ii |||gr||||Z||||||eng | ||
| 020 | _a81-219-0432-3 | ||
| 040 | _cMAIN | ||
| 082 | _a330.01 | ||
| 100 | 1 | _aAhuja, H. L., | |
| 245 | 1 |
_aModern economics _cby H. L. Ahuja |
|
| 250 | _a10st. | ||
| 260 |
_aNew Delhi: _bS. Chand & co. ltd., _c2004. |
||
| 300 |
_axvi; 750p: _bill; _c25cm. |
||
| 653 | _aeconomics | ||
| 653 | _aModern economics | ||
| 942 | _cBK | ||
| 999 |
_c1599 _d1599 |
||